[Event "Oberliga Ost-A 2122"]
[Site "Germany"]
[Date "2022.04.30"]
[Round "2.8"]
[White "Poessel, Christian"]
[Black "Gempe, Anet"]
[Result "0-1"]
[WhiteElo "1991"]
[BlackElo "1979"]
[PlyCount "44"]
[EventDate "2021.10.10"]
[EventType "team-tourn"]
[EventRounds "11"]
[EventCountry "GER"]
[SourceTitle "EXT 2023"]
[Source "ChessBase"]
[SourceDate "2022.10.05"]
[SourceVersion "1"]
[SourceVersionDate "2022.10.05"]
[SourceQuality "1"]
[WhiteTeam "Nickelhuette Aue"]
[BlackTeam "Leipzig SG II"]
[WhiteTeamCountry "GER"]
[BlackTeamCountry "GER"]

1. d4 e6 2. c4 d5 3. Nf3 Nf6 4. Nc3 Be7 5. Bf4 0-0 6. e3 b6 7. cxd5 exd5 8. Bd3 Bb7 9. h3 a6 10. Rc1 Nbd7 11. Ne2 c5 12. Ng3 g6 13. h4 Ne4 14. h5 g5 15. Be5 f6 16. Bxe4 dxe4 17. Qb3+ Rf7 18. Nf5 Bf8 19. Bd6 exf3 20. dxc5 fxg2 21. Rg1 Nxc5 22. Qc4 Ne4 0-1

[Event "BL2 Ost 2122 (Women)"]
[Site "Germany"]
[Date "2022.04.09"]
[Round "6.3"]
[White "Bardorz, Jana"]
[Black "Gempe, Anet"]
[Result "1-0"]
[WhiteElo "1913"]
[BlackElo "1980"]
[PlyCount "99"]
[EventDate "2021.11.27"]
[EventType "team-tourn"]
[EventRounds "7"]
[EventCountry "GER"]
[SourceTitle "EXT 2023"]
[Source "ChessBase"]
[SourceDate "2022.10.05"]
[SourceVersion "1"]
[SourceVersionDate "2022.10.05"]
[SourceQuality "1"]
[WhiteTeam "Bavaria Regensburg (W)"]
[BlackTeam "Leipzig SG (W)"]
[WhiteTeamCountry "GER"]
[BlackTeamCountry "GER"]

1. e4 e6 2. d4 d5 3. Nd2 Nf6 4. e5 Nfd7 5. Bd3 c5 6. c3 Nc6 7. Ne2 cxd4 8. cxd4 f6 9. exf6 Nxf6 10. Nf3 Bd6 11. 0-0 Qc7 12. h3 0-0 13. Re1 Bd7 14. Nc3 a6 15. Bd2 Rae8 16. Rc1 Bf4 17. Bxf4 Qxf4 18. Ne2 Qd6 19. Ng3 e5 20. Rxc6 Qxc6 21. dxe5 Ne4 22. Nxe4 dxe4 23. Bxe4 Qb5 24. Qc2 h6 25. Nh4 Rc8 26. Bh7+ Kh8 27. Ng6+ Kxh7 28. Nxf8+ Kg8 29. Qh7+ Kxf8 30. e6 Bxe6 31. Rxe6 Rc1+ 32. Kh2 Rc5 33. Re3 Rf5 34. Qh8+ Kf7 35. Qd8 Kg6 36. Qg8 Qd7 37. Rg3+ Rg5 38. Qc4 Rxg3 39. Qe4+ Qf5 40. Qxf5+ Kxf5 41. Kxg3 Ke4 42. Kg4 g6 43. b4 b5 44. f4 Kd4 45. h4 Kc3 46. h5 gxh5+ 47. Kxh5 Kxb4 48. f5 Ka3 49. f6 Kxa2 50. f7 1-0

[Event "BL2 Ost 1819 (Women)"]
[Site "Germany"]
[Date "2019.01.12"]
[Round "6.4"]
[White "Gempe, Anet"]
[Black "Orlova, Liubov"]
[Result "1-0"]
[WhiteElo "1968"]
[BlackElo "2014"]
[PlyCount "163"]
[EventDate "2018.10.27"]
[EventType "team-tourn"]
[EventRounds "7"]
[EventCountry "GER"]
[SourceTitle "CBM 190 Extra"]
[Source "ChessBase"]
[SourceDate "2019.07.15"]
[SourceVersion "1"]
[SourceVersionDate "2019.07.15"]
[SourceQuality "1"]
[WhiteTeam "Leipzig SG (W)"]
[BlackTeam "Niederwiesa Gruen Weiss (W)"]
[WhiteTeamCountry "GER"]
[BlackTeamCountry "GER"]

1. e4 c5 2. Nf3 Nc6 3. d4 cxd4 4. Nxd4 Nf6 5. Nc3 d6 6. Be2 g6 7. Be3 Bg7 8. Qd2 0-0 9. f3 a6 10. 0-0 Bd7 11. Rfd1 Rc8 12. Bf1 Ne5 13. b3 Qc7 14. Nce2 b5 15. Rac1 Rfd8 16. Nf4 Nc6 17. Nxc6 Bxc6 18. c4 Qb7 19. cxb5 Bxb5 20. Rxc8 Rxc8 21. Rc1 Bxf1 22. Rxc8+ Qxc8 23. Kxf1 Nd7 24. Nd5 Qd8 25. Qc2 Ne5 26. Qc7 Qxc7 27. Nxc7 a5 28. Ke2 Nc6 29. Bb6 Kf8 30. Kd3 e6 31. a4 Ke7 32. Nb5 Kd7 33. Na3 d5 34. exd5 exd5 35. Nb5 f5 36. Nc7 Be5 37. Nxd5 Bxh2 38. Nf6+ Ke6 39. Nxh7 Ne5+ 40. Kd2 Bf4+ 41. Be3 Bg3 42. Ng5+ Kd5 43. Nh3 Nd7 44. Bf4 Bh4 45. Bc7 Nc5 46. Kc2 Be1 47. Nf4+ Kc6 48. Bd8 Bb4 49. Nxg6 Ne6 50. Bf6 Kd5 51. Bc3 Nd4+ 52. Kb2 Nc6 53. Nf4+ Kd6 54. Nd3 Bc5 55. Bg7 Bb6 56. Kc3 Nd8 57. Kc4 Ne6 58. Be5+ Kc6 59. Nf4 Nf8 60. Bg7 Nd7 61. Nd5 Bd8 62. Bc3 Nc5 63. Ne3 f4 64. Ng4 Nd7 65. Ne5+ Nxe5+ 66. Bxe5 Bg5 67. Bc3 Bd8 68. Be5 Bg5 69. Kd4 Bh6 70. Kd3 Kc5 71. Bc3 Kb6 72. Kc4 Bg5 73. Kd5 Bh4 74. Bd4+ Ka6 75. Ke6 Kb7 76. Bc3 Kb6 77. b4 axb4 78. Bxb4 Bf2 79. Kf5 Be3 80. Bd6 Ka5 81. Bxf4 Bc5 82. g4 1-0

[Event "BL2 Ost 1718 (Women)"]
[Site "Germany"]
[Date "2017.12.17"]
[Round "3.4"]
[White "Spangenberg, Pia"]
[Black "Gempe, Anet"]
[Result "1/2-1/2"]
[WhiteElo "1770"]
[BlackElo "1997"]
[PlyCount "69"]
[EventDate "2017.10.14"]
[EventType "team-tourn"]
[EventRounds "7"]
[EventCountry "GER"]
[SourceTitle "EXT 2019"]
[Source "ChessBase"]
[SourceDate "2018.10.10"]
[SourceVersion "1"]
[SourceVersionDate "2018.10.10"]
[SourceQuality "1"]
[WhiteTeam "Leipzig Lindenau (W)"]
[BlackTeam "Leipzig SG (W)"]
[WhiteTeamCountry "GER"]
[BlackTeamCountry "GER"]

1. e4 e6 2. d4 d5 3. Nc3 Nf6 4. e5 Nfd7 5. f4 c5 6. Nf3 Nc6 7. Be3 a6 8. Be2 b5 9. a3 Qb6 10. Qd2 cxd4 11. Nxd4 Bc5 12. Rd1 Bb7 13. 0-0 Rc8 14. Bf2 Nxd4 15. Bxd4 Bxd4+ 16. Qxd4 0-0 17. Bg4 Rc4 18. Qxb6 Nxb6 19. Be2 Rc7 20. Rd4 Rd8 21. Re1 Nc8 22. Bg4 Ne7 23. Rd2 Rc4 24. Ne2 Nc6 25. g3 Nxe5 26. fxe5 Rxg4 27. Nf4 g5 28. Nh5 Rc4 29. Nf6+ Kg7 30. Ne4 h6 31. Nd6 Rc7 32. Rf1 Rf8 33. c3 Bc6 34. Rdf2 Ra7 35. h3 1/2-1/2

[Event "Regionalliga SO 1718 (Women)"]
[Site "Germany"]
[Date "2017.11.19"]
[Round "2.1"]
[White "Domaske, Susann"]
[Black "Gempe, Anet"]
[Result "1/2-1/2"]
[WhiteElo "1644"]
[BlackElo "1997"]
[PlyCount "130"]
[EventDate "2017.10.15"]
[EventType "team-tourn"]
[EventRounds "5"]
[EventCountry "GER"]
[SourceTitle "CBM 183 Extra"]
[Source "ChessBase"]
[SourceDate "2018.04.19"]
[SourceVersion "1"]
[SourceVersionDate "2018.04.19"]
[SourceQuality "1"]
[WhiteTeam "Halle USV (W)"]
[BlackTeam "Leipzig SG (W) II"]
[WhiteTeamCountry "GER"]
[BlackTeamCountry "GER"]

1. d4 e6 2. a3 d5 3. c4 Nf6 4. Nf3 Be7 5. Nc3 0-0 6. e3 b6 7. b4 c5 8. bxc5 bxc5 9. cxd5 cxd4 10. Nxd4 Nxd5 11. Nxd5 exd5 12. Bd2 Bf6 13. Bb4 Re8 14. Be2 Ba6 15. Bxa6 Nxa6 16. 0-0 Nxb4 17. axb4 Qb6 18. Rb1 Rad8 19. b5 Re4 20. Nc6 Rd7 21. Qb3 g6 22. Rfc1 d4 23. exd4 Bxd4 24. Nxd4 Rexd4 25. Rc8+ Rd8 26. Rxd8+ Qxd8 27. g3 Rd6 28. Qa4 Qb8 29. Ra1 Qb7 30. h4 h5 31. Qc4 Rb6 32. Ra5 Qd7 33. Qf1 Qe7 34. Qb1 Re6 35. Ra1 Qb7 36. Qd3 Qb6 37. Qd2 Re8 38. Ra6 Qxb5 39. Rxa7 Qb1+ 40. Kg2 Qe4+ 41. f3 Qc4 42. Ra2 Rb8 43. Rc2 Qb3 44. Rc3 Qb6 45. Rd3 Qf6 46. Qe2 Qa1 47. Rd1 Qc3 48. Rd2 Qf6 49. Rc2 Qa1 50. Ra2 Qf6 51. Rc2 Qf5 52. Qd2 Rb3 53. Rc3 Rb7 54. Rc2 Rd7 55. Qe2 Rd3 56. Rd2 Rc3 57. Qf2 Kh7 58. Re2 Rc1 59. Re1 Rc4 60. Re7 Qd5 61. Re2 g5 62. hxg5 Qxg5 63. Qe3 Qg6 64. Rd2 Rc2 65. Rxc2 Qxc2+ 1/2-1/2

[Event "GER-chT Betriebe 17th"]
[Site "Berlin"]
[Date "2017.11.05"]
[Round "7.3"]
[White "Gempe, Anet"]
[Black "Limbourg, Marina"]
[Result "1-0"]
[WhiteElo "1997"]
[BlackElo "2018"]
[PlyCount "91"]
[EventDate "2017.11.02"]
[EventType "team-swiss"]
[EventRounds "7"]
[EventCountry "GER"]
[SourceTitle "EXT 2020"]
[Source "ChessBase"]
[SourceDate "2019.10.17"]
[SourceVersion "1"]
[SourceVersionDate "2019.10.17"]
[SourceQuality "1"]
[WhiteTeam "Muenchen ADAC"]
[BlackTeam "Duesseldorf Vodafone"]
[WhiteTeamCountry "GER"]
[BlackTeamCountry "GER"]

1. e4 c5 2. Nf3 e6 3. a3 a6 4. d4 cxd4 5. Nxd4 Qc7 6. Be2 Nf6 7. Nc3 Nc6 8. Be3 Ne5 9. 0-0 h5 10. f3 b5 11. Nb3 Rb8 12. Qd4 Nc4 13. Bxc4 Qxc4 14. Rfd1 Qxd4 15. Rxd4 Bb7 16. Rad1 Rc8 17. R4d3 d5 18. exd5 Nxd5 19. Nxd5 Bxd5 20. Na1 Be7 21. c3 0-0 22. Nc2 a5 23. R1d2 Rb8 24. Bf2 Bg5 25. Be3 Be7 26. Bf2 Rfc8 27. Bg3 Rb7 28. Bf2 Kf8 29. Ne3 Bc6 30. Nc2 e5 31. Ne3 b4 32. axb4 axb4 33. cxb4 Bxb4 34. Rc2 Rbc7 35. h4 e4 36. fxe4 Bxe4 37. Rxc7 Rxc7 38. Rd4 Rc1+ 39. Kh2 Bc5 40. Rxe4 Rb1 41. Bg3 Rxb2 42. Nc4 Rb1 43. Bd6+ Bxd6+ 44. Nxd6 g6 45. Rf4 f5 46. Nxf5 1-0

[Event "GER-chT Betriebe 17th"]
[Site "Berlin"]
[Date "2017.11.04"]
[Round "5.3"]
[White "Gempe, Anet"]
[Black "Broksch, Dirk"]
[Result "1/2-1/2"]
[WhiteElo "1997"]
[BlackElo "1902"]
[PlyCount "80"]
[EventDate "2017.11.02"]
[EventType "team-swiss"]
[EventRounds "7"]
[EventCountry "GER"]
[SourceTitle "EXT 2020"]
[Source "ChessBase"]
[SourceDate "2019.10.17"]
[SourceVersion "1"]
[SourceVersionDate "2019.10.17"]
[SourceQuality "1"]
[WhiteTeam "Muenchen ADAC"]
[BlackTeam "Essen RWE"]
[WhiteTeamCountry "GER"]
[BlackTeamCountry "GER"]

1. e4 c5 2. Nf3 e6 3. a3 a6 4. d4 cxd4 5. Nxd4 d6 6. Nc3 Nf6 7. Be2 Be7 8. 0-0 Qc7 9. Be3 Nbd7 10. f3 b6 11. Qe1 Bb7 12. Qf2 0-0 13. Rfd1 d5 14. exd5 Nxd5 15. Nxd5 Bxd5 16. c3 Rfd8 17. Rd2 Bb7 18. Rad1 Bf8 19. Nb3 Bc6 20. Nd4 Bb7 21. Bg5 Nf6 22. Nb3 Rxd2 23. Rxd2 Be7 24. Bh4 Rd8 25. Rxd8+ Qxd8 26. Qd4 Qxd4+ 27. Nxd4 Kf8 28. c4 Ke8 29. b4 Kd7 30. Bf2 Kc7 31. Bd3 h6 32. Bg3+ Kd7 33. Ne2 Bd6 34. Bxd6 Kxd6 35. Kf2 Nd7 36. f4 e5 37. g3 exf4 38. Nxf4 Ne5 39. Ke3 g5 40. Ne2 f5 1/2-1/2

[Event "GER-chT Betriebe 16th"]
[Site "Dresden"]
[Date "2016.11.05"]
[Round "6.3"]
[White "Topol, Martin"]
[Black "Gempe, Anet"]
[Result "0-1"]
[WhiteElo "1362"]
[BlackElo "2027"]
[PlyCount "36"]
[EventDate "2016.11.03"]
[EventType "team-swiss"]
[EventRounds "7"]
[EventCountry "GER"]
[SourceTitle "EXT 2020"]
[Source "ChessBase"]
[SourceDate "2019.10.17"]
[SourceVersion "1"]
[SourceVersionDate "2019.10.17"]
[SourceQuality "1"]
[WhiteTeam "Stuttgart Wuestenrot&Wuertt"]
[BlackTeam "Muenchen ADAC"]
[WhiteTeamCountry "GER"]
[BlackTeamCountry "GER"]

1. f4 e6 2. Nf3 d5 3. b3 Nf6 4. Bb2 Be7 5. e3 0-0 6. d3 b6 7. Nbd2 Bb7 8. Be2 c5 9. h3 Nbd7 10. g4 Ne8 11. h4 Qc7 12. Nf1 d4 13. Qd2 dxe3 14. Qxe3 Ndf6 15. Rg1 Nd5 16. Qd2 Qxf4 17. 0-0-0 Bf6 18. Qxf4 Nxf4 0-1

[Event "GER-chT Betriebe 16th"]
[Site "Dresden"]
[Date "2016.11.03"]
[Round "1.2"]
[White "Wirth, Volker"]
[Black "Gempe, Anet"]
[Result "0-1"]
[WhiteElo "1717"]
[BlackElo "2027"]
[PlyCount "63"]
[EventDate "2016.11.03"]
[EventType "team-swiss"]
[EventRounds "7"]
[EventCountry "GER"]
[SourceTitle "EXT 2020"]
[Source "ChessBase"]
[SourceDate "2019.10.17"]
[SourceVersion "1"]
[SourceVersionDate "2019.10.17"]
[SourceQuality "1"]
[WhiteTeam "Stuttgart Sparkassen-Vers II"]
[BlackTeam "Muenchen ADAC"]
[WhiteTeamCountry "GER"]
[BlackTeamCountry "GER"]

1. d4 e6 2. c4 d5 3. Nc3 Nf6 4. Nf3 Be7 5. Bg5 h6 6. Bh4 0-0 7. e3 b6 8. cxd5 exd5 9. Be2 Bb7 10. 0-0 Ne4 11. Bxe7 Qxe7 12. Rc1 Nd7 13. a3 c5 14. dxc5 Nxc3 15. Rxc3 bxc5 16. Qb3 Nf6 17. Nd2 d4 18. Rc2 Rab8 19. Qd3 Rfe8 20. Bf3 dxe3 21. fxe3 Qxe3+ 22. Qxe3 Rxe3 23. Bxb7 Rxb7 24. Rf5 Nd7 25. Kf2 Re6 26. b4 cxb4 27. Rc8+ Kh7 28. Rxf7 bxa3 29. Nb3 Reb6 30. Rc3 a2 31. Rc2 Rxb3 32. Rxa2 0-1

[Event "BL2 Sued 1617 (Women)"]
[Site "Germany"]
[Date "2016.10.23"]
[Round "2.4"]
[White "Gempe, Anet"]
[Black "Wilke, Tabea"]
[Result "1/2-1/2"]
[WhiteElo "1993"]
[BlackElo "1753"]
[PlyCount "71"]
[EventDate "2016.10.22"]
[EventType "team-tourn"]
[EventRounds "7"]
[EventCountry "GER"]
[SourceTitle "EXT 2018"]
[Source "ChessBase"]
[SourceDate "2017.10.13"]
[SourceVersion "1"]
[SourceVersionDate "2017.10.13"]
[SourceQuality "1"]
[WhiteTeam "Leipzig SG (W)"]
[BlackTeam "Langen (W)"]
[WhiteTeamCountry "GER"]
[BlackTeamCountry "GER"]

1. e4 e5 2. Nf3 Nc6 3. Bc4 Bc5 4. c3 Nf6 5. Qc2 0-0 6. 0-0 d6 7. a4 a5 8. d3 Ba7 9. Nbd2 Ne7 10. d4 Ng6 11. dxe5 dxe5 12. Be2 c6 13. Nc4 Qc7 14. Be3 Be6 15. Bxa7 Rxa7 16. Ng5 Bxc4 17. Bxc4 b6 18. Rfd1 h6 19. Nf3 Qb8 20. g3 Rd8 21. Rxd8+ Qxd8 22. Rd1 Rd7 23. Rxd7 Qxd7 24. Nd2 Kf8 25. Qd3 Qxd3 26. Bxd3 Nd7 27. b4 axb4 28. cxb4 Ke8 29. Kf1 Kd8 30. Ke2 Kc7 31. Ke3 Ne7 32. f4 g5 33. Nf3 f6 34. f5 Nc8 35. Ne1 Nd6 36. Nc2 1/2-1/2

[Event "BL2 Sued 1617 (Women)"]
[Site "Germany"]
[Date "2016.10.22"]
[Round "1.4"]
[White "Lobzhanidze, Anna Luise"]
[Black "Gempe, Anet"]
[Result "1-0"]
[WhiteElo "1923"]
[BlackElo "1993"]
[PlyCount "95"]
[EventDate "2016.10.22"]
[EventType "team-tourn"]
[EventRounds "7"]
[EventCountry "GER"]
[SourceTitle "EXT 2018"]
[Source "ChessBase"]
[SourceDate "2017.10.13"]
[SourceVersion "1"]
[SourceVersionDate "2017.10.13"]
[SourceQuality "1"]
[WhiteTeam "Hofheim (W)"]
[BlackTeam "Leipzig SG (W)"]
[WhiteTeamCountry "GER"]
[BlackTeamCountry "GER"]

1. e4 e6 2. d4 d5 3. Nc3 Nf6 4. Bg5 Be7 5. e5 Nfd7 6. Bxe7 Qxe7 7. f4 0-0 8. Nf3 c5 9. dxc5 Nxc5 10. Be2 Nc6 11. 0-0 a6 12. Nd4 Nd7 13. Kh1 Qb4 14. Nb3 b5 15. a3 Qe7 16. Bd3 f6 17. Qh5 g6 18. exf6 Qxf6 19. Qg4 Nb6 20. Qg3 Na4 21. Nxa4 bxa4 22. Nd2 Qxb2 23. h4 Qg7 24. Rab1 Nd4 25. Rb4 Nc6 26. Rxa4 a5 27. Nb3 Qc3 28. Rf3 Qg7 29. Qe1 Qc7 30. h5 gxh5 31. Rg3+ Kf7 32. Qc3 Rg8 33. Rxg8 Kxg8 34. Bb5 Bd7 35. Nxa5 Rc8 36. Nb3 Ne7 37. Qxc7 Rxc7 38. Bxd7 Rxd7 39. Ra6 Ng6 40. Nc5 Rc7 41. Nxe6 Rxc2 42. Ra7 Re2 43. f5 Nh4 44. Rg7+ Kh8 45. Re7 Kg8 46. f6 Rf2 47. Rg7+ Kh8 48. f7 1-0

[Event "WchT Seniors 50"]
[Site "Radebeul"]
[Date "2016.06.29"]
[Round "4.1"]
[White "Gempe, Anet"]
[Black "Siggelkow, Axel"]
[Result "1/2-1/2"]
[WhiteElo "2001"]
[BlackElo "2038"]
[PlyCount "85"]
[EventDate "2016.06.26"]
[EventType "team-swiss"]
[EventRounds "9"]
[EventCountry "GER"]
[SourceTitle "CBM 173 Extra"]
[Source "ChessBase"]
[SourceDate "2016.08.29"]
[SourceVersion "1"]
[SourceVersionDate "2016.08.29"]
[SourceQuality "1"]
[WhiteTeam "Germany (Women) II"]
[BlackTeam "Radebeul Chemie"]
[WhiteTeamCountry "GER"]
[BlackTeamCountry "GER"]

1. e4 c5 2. Nf3 d6 3. d4 cxd4 4. Nxd4 Nf6 5. Nc3 a6 6. Be2 e6 7. 0-0 Be7 8. Be3 0-0 9. a3 Qc7 10. f3 Nc6 11. Nb3 b5 12. Qe1 Bb7 13. Qf2 Nd7 14. Rfd1 Nce5 15. Kh1 Nc4 16. Bxc4 Qxc4 17. Na5 Qc7 18. Nxb7 Qxb7 19. Bd4 Rfd8 20. Rd2 Bf6 21. Bxf6 Nxf6 22. Rad1 Qc7 23. Qg3 Ne8 24. Ne2 Rac8 25. c3 h6 26. Qf2 Qc5 27. Kg1 Qxf2+ 28. Kxf2 Kf8 29. Nc1 Ke7 30. Nb3 Nf6 31. g3 d5 32. e5 Nd7 33. Re2 Nc5 34. Nd4 Rc7 35. Rdd2 Rdc8 36. Re1 Rb7 37. h4 Rbc7 38. Re3 Rb7 39. g4 Rbc7 40. Kg3 Rb7 41. Rh2 g6 42. Rd2 Rbc7 43. Re1 1/2-1/2

[Event "WchT Seniors 50"]
[Site "Radebeul"]
[Date "2016.06.26"]
[Round "1.1"]
[White "Clara, Hans Joachim"]
[Black "Gempe, Anet"]
[Result "1-0"]
[WhiteElo "2320"]
[BlackElo "2001"]
[PlyCount "88"]
[EventDate "2016.06.26"]
[EventType "team-swiss"]
[EventRounds "9"]
[EventCountry "GER"]
[SourceTitle "CBM 173 Extra"]
[Source "ChessBase"]
[SourceDate "2016.08.29"]
[SourceVersion "1"]
[SourceVersionDate "2016.08.29"]
[SourceQuality "1"]
[WhiteTeam "Hessen Seniors"]
[BlackTeam "Germany (Women) II"]
[WhiteTeamCountry "GER"]
[BlackTeamCountry "GER"]

1. c4 e6 2. Nf3 Nf6 3. Nc3 d5 4. d4 Be7 5. cxd5 exd5 6. Bg5 h6 7. Bh4 0-0 8. e3 b6 9. Rc1 Bb7 10. Bxf6 Bxf6 11. b4 Be7 12. Qb3 c6 13. Bd3 Qd6 14. Rb1 Nd7 15. 0-0 Rfe8 16. e4 dxe4 17. Bxe4 Nf6 18. Ne5 Nd5 19. b5 Nxc3 20. Qxc3 Bf6 21. bxc6 Ba6 22. Rfd1 Bxe5 23. dxe5 Qxe5 24. Rd4 Rac8 25. f3 g6 26. Rbd1 Rc7 27. a4 Bc8 28. Qd2 Be6 29. f4 Qc5 30. Rc1 Qf8 31. h3 f5 32. Bf3 Qf6 33. Rd6 Qf8 34. Re1 Bf7 35. Re5 Rec8 36. Bd5 Kh8 37. Qd4 Qg7 38. Bf3 Be8 39. Qc3 Bf7 40. Rd7 Qf6 41. Ree7 Rxd7 42. cxd7 Rd8 43. Qe5 Qxe5 44. fxe5 g5 1-0

[Event "GER-chT Betriebe 15th"]
[Site "Munich"]
[Date "2015.10.24"]
[Round "5.4"]
[White "Gempe, Anet"]
[Black "Binnewies, Markus"]
[Result "1/2-1/2"]
[WhiteElo "2045"]
[BlackElo "1605"]
[PlyCount "74"]
[EventDate "2015.10.22"]
[EventType "team-swiss"]
[EventRounds "7"]
[EventCountry "GER"]
[SourceTitle "EXT 2020"]
[Source "ChessBase"]
[SourceDate "2019.10.17"]
[SourceVersion "1"]
[SourceVersionDate "2019.10.17"]
[SourceQuality "1"]
[WhiteTeam "Muenchen ADAC"]
[BlackTeam "Halle/Saale IPM"]
[WhiteTeamCountry "GER"]
[BlackTeamCountry "GER"]

1. e4 d6 2. d4 Nf6 3. Nc3 Nbd7 4. Nf3 e5 5. dxe5 dxe5 6. a3 Be7 7. Bd3 c6 8. 0-0 0-0 9. b4 Qc7 10. Ne2 b5 11. Ng3 Re8 12. c4 a5 13. Bd2 axb4 14. axb4 Rxa1 15. Qxa1 Bb7 16. c5 Ra8 17. Qb2 Bc8 18. Bc3 Qd8 19. Bc2 Qf8 20. Nxe5 Nxe5 21. Bxe5 Be6 22. Ra1 Rxa1+ 23. Qxa1 Nd7 24. Bc3 Bf6 25. Bxf6 Nxf6 26. Qd4 Qa8 27. h4 Qb8 28. h5 Nd7 29. Nf5 Qe5 30. Qxe5 Nxe5 31. f4 Bxf5 32. exf5 Nd7 33. Be4 Nb8 34. g4 h6 35. Kf2 f6 36. Kg3 Kf7 37. Bc2 Na6 1/2-1/2

[Event "GER-chT Betriebe 15th"]
[Site "Munich"]
[Date "2015.10.23"]
[Round "6.4"]
[White "Roser, Ludwig"]
[Black "Gempe, Anet"]
[Result "1/2-1/2"]
[WhiteElo "1776"]
[BlackElo "2045"]
[PlyCount "25"]
[EventDate "2015.10.22"]
[EventType "team-swiss"]
[EventRounds "7"]
[EventCountry "GER"]
[SourceTitle "EXT 2020"]
[Source "ChessBase"]
[SourceDate "2019.10.17"]
[SourceVersion "1"]
[SourceVersionDate "2019.10.17"]
[SourceQuality "1"]
[WhiteTeam "Augsburg Osram II"]
[BlackTeam "Muenchen ADAC"]
[WhiteTeamCountry "GER"]
[BlackTeamCountry "GER"]

1. d4 e6 2. Nf3 d5 3. e3 Nf6 4. Bd3 Be7 5. 0-0 0-0 6. Nbd2 b6 7. Qe2 Bb7 8. Ne5 Nbd7 9. f4 c5 10. c3 Ne4 11. Rf3 f5 12. Rh3 Ndf6 13. g4 1/2-1/2

[Event "Oberliga Ost-A 1516"]
[Site "Germany"]
[Date "2015.10.10"]
[Round "2.8"]
[White "Gempe, Anet"]
[Black "Heyme, Sibylle"]
[Result "1/2-1/2"]
[WhiteElo "2032"]
[BlackElo "2023"]
[PlyCount "21"]
[EventDate "2015.09.20"]
[EventType "team-tourn"]
[EventRounds "11"]
[EventCountry "GER"]
[SourceTitle "EXT 2017"]
[Source "ChessBase"]
[SourceDate "2016.10.25"]
[SourceVersion "1"]
[SourceVersionDate "2016.10.25"]
[SourceQuality "1"]
[WhiteTeam "Leipzig SG II"]
[BlackTeam "Hoyerswerda"]
[WhiteTeamCountry "GER"]
[BlackTeamCountry "GER"]

1. e4 d6 2. d4 Nf6 3. Nc3 g6 4. h3 c6 5. Nf3 Bg7 6. Be2 0-0 7. 0-0 Nbd7 8. Bf4 Qa5 9. Qd2 e5 10. dxe5 dxe5 11. Bh2 1/2-1/2

[Event "EU-chT Seniors"]
[Site "Vienna"]
[Date "2015.07.19"]
[Round "8.20"]
[White "Patola, Eero"]
[Black "Gempe, Anet"]
[Result "1/2-1/2"]
[WhiteElo "1880"]
[BlackElo "2044"]
[PlyCount "28"]
[EventDate "2015.07.12"]
[EventType "team-swiss"]
[EventRounds "9"]
[EventCountry "AUT"]
[SourceTitle "EXT 2018"]
[Source "ChessBase"]
[SourceDate "2017.10.13"]
[SourceVersion "1"]
[SourceVersionDate "2017.10.13"]
[SourceQuality "1"]
[WhiteTeam "Helsinki"]
[BlackTeam "Germany (W)"]
[WhiteTeamCountry "FIN"]
[BlackTeamCountry "GER"]

1. c4 e6 2. Nc3 Nf6 3. e4 d6 4. g3 c5 5. Bg2 Nc6 6. Nge2 Be7 7. 0-0 0-0 8. d3 a6 9. f4 Qc7 10. h3 Rd8 11. g4 Nd7 12. Ng3 Bf6 13. Be3 Bd4 14. Bxd4 cxd4 1/2-1/2

[Event "BL 1415 (Women)"]
[Site "Germany"]
[Date "2015.04.18"]
[Round "10.5"]
[White "Gempe, Anet"]
[Black "Rogozenco, Teodora Nana"]
[Result "1-0"]
[WhiteElo "2034"]
[BlackElo "1974"]
[PlyCount "55"]
[EventDate "2014.09.27"]
[EventType "team-tourn"]
[EventRounds "11"]
[EventCountry "GER"]
[SourceTitle "CBM 166 Extra"]
[Source "ChessBase"]
[SourceDate "2015.06.18"]
[SourceVersion "1"]
[SourceVersionDate "2015.06.18"]
[SourceQuality "1"]
[WhiteTeam "Leipzig SG (W)"]
[BlackTeam "Hamburger SK (W)"]
[WhiteTeamCountry "GER"]
[BlackTeamCountry "GER"]

1. e4 c5 2. Nf3 d6 3. d4 cxd4 4. Nxd4 Nf6 5. Nc3 g6 6. Be2 Bg7 7. Be3 Nc6 8. 0-0 0-0 9. Nb3 Bd7 10. f3 Rc8 11. Nb5 a6 12. N5d4 Ne5 13. Nd2 d5 14. c3 dxe4 15. Nxe4 Nxe4 16. fxe4 Nc4 17. Bxc4 Rxc4 18. Qf3 Qc8 19. h3 Bc6 20. Rae1 Bd7 21. Nb3 b5 22. Nd2 Rc7 23. a3 Bc6 24. Qg3 Rd7 25. e5 Rd3 26. Nf3 Qc7 27. Bd4 f6 28. Kh2 1-0

[Event "BL 1415 (Women)"]
[Site "Germany"]
[Date "2015.01.25"]
[Round "7.5"]
[White "Schoene, Maria"]
[Black "Gempe, Anet"]
[Result "1-0"]
[WhiteElo "2261"]
[BlackElo "2034"]
[PlyCount "65"]
[EventDate "2014.09.27"]
[EventType "team-tourn"]
[EventRounds "11"]
[EventCountry "GER"]
[SourceTitle "CBM 166 Extra"]
[Source "ChessBase"]
[SourceDate "2015.06.18"]
[SourceVersion "1"]
[SourceVersionDate "2015.06.18"]
[SourceQuality "1"]
[WhiteTeam "Bad Koenigshofen (W)"]
[BlackTeam "Leipzig SG (W)"]
[WhiteTeamCountry "GER"]
[BlackTeamCountry "GER"]

1. e4 e6 2. d4 d5 3. Nc3 Nf6 4. Bg5 Be7 5. e5 Nfd7 6. Bxe7 Qxe7 7. f4 0-0 8. Nf3 c5 9. Qd2 Nc6 10. dxc5 Nxc5 11. 0-0-0 a6 12. Kb1 b5 13. Bd3 f5 14. exf6 Qxf6 15. g3 Rd8 16. Rhe1 b4 17. Ne2 a5 18. Ned4 Nxd4 19. Nxd4 Ba6 20. Nb3 Na4 21. Qc1 Bxd3 22. Rxd3 Rdc8 23. Rde3 Ra6 24. Re5 Nc5 25. Nxc5 Rxc5 26. Qe3 Rcc6 27. g4 h6 28. f5 exf5 29. gxf5 Rd6 30. Qd3 d4 31. Re8+ Kh7 32. R8e6 Rxe6 33. fxe6+ 1-0

[Event "BL 1415 (Women)"]
[Site "Germany"]
[Date "2014.12.14"]
[Round "5.4"]
[White "Gempe, Anet"]
[Black "Germann, Heike"]
[Result "1/2-1/2"]
[WhiteElo "2034"]
[BlackElo "2046"]
[PlyCount "75"]
[EventDate "2014.09.27"]
[EventType "team-tourn"]
[EventRounds "11"]
[EventCountry "GER"]
[SourceTitle "CBM 166 Extra"]
[Source "ChessBase"]
[SourceDate "2015.06.18"]
[SourceVersion "1"]
[SourceVersionDate "2015.06.18"]
[SourceQuality "1"]
[WhiteTeam "Leipzig SG (W)"]
[BlackTeam "Leipzig Allianz (W)"]
[WhiteTeamCountry "GER"]
[BlackTeamCountry "GER"]

1. e4 c5 2. Nf3 Nc6 3. d4 cxd4 4. Nxd4 g6 5. Be2 Bg7 6. Nxc6 bxc6 7. c3 Nf6 8. Nd2 0-0 9. 0-0 d5 10. exd5 cxd5 11. Nb3 e5 12. Bg5 h6 13. Be3 Qc7 14. f3 Rd8 15. Qd2 Kh7 16. Rfd1 Nh5 17. Rac1 f5 18. Qe1 Be6 19. Nc5 Bf7 20. b4 Qe7 21. Bf2 Nf4 22. Bf1 e4 23. g3 Ne6 24. f4 a5 25. Nxe6 Bxe6 26. b5 a4 27. Qe3 Rdb8 28. Qc5 Bf8 29. Qxe7+ Bxe7 30. Bd4 Bd6 31. Rb1 g5 32. Be3 gxf4 33. gxf4 Bf8 34. Bd4 Bg7 35. Rb4 Bf8 36. Rbb1 Bd6 37. Be3 Bf8 38. Bd4 1/2-1/2